| 000 | 00000nam##2200000za#4500 |
| 001 | 9.541362 |
| 003 | CaOODSP |
| 005 | 20210615085652 |
| 007 | ta |
| 008 | 150406|2007||||xxc||||| f|0| 0 eng|d |
| 022 | |a0706-6457 |
| 040 | |aCaOODSP|beng |
| 041 | |aeng |
| 041 | |afre |
| 043 | |an-cn--- |
| 086 | 1 |aFs97-6/2750 |
| 110 | 1 |aCanada. |bDepartment of Fisheries and Oceans. |
| 245 | 10|aResults from the August 2004 and 2005 comparative fishing experiments in the northern Gulf of St. Lawrence between the CCGS Alfred Needler and the CCGS Teleost / |c[by] Hugo Bourdages ... [et al.] |
| 260 | |aMont-Joli - Quebec : |bFisheries and Oceans Canada |c2007. |
| 300 | |aEnglish text, x, 57p. : |bgraphs, references, tables ; |c28 cm. |
| 490 | 1 |aCanadian technical report of fisheries and aquatic sciences|x0706-6457|v2750 |
| 500 | |a"Regional Science Branch, Fisheries and Oceans Canada, Institut Maurice-Lamontagne, 850, route de la mer, Mont-Joli (Québec), Canada G5H 3Z4". |
| 520 | 3 |aThis report is part of a series containing scientific and technical information that widens existing scientific knowledge but is not considered appropriate for publication in the primary literature. The research covers such subjects as ecosystem models, methods for enhancing aquaculture, commercial fishing equipment, and environmental threats to aquatic quality and fisheries resources. Includes tables, graphs, and charts. |
| 563 | |aSoftcover |
| 590 | |a07-46|b2007-11-16 |
| 690 | 07|aExperiments|2gcpds |
| 690 | 07|aFisheries|2gcpds |
| 720 | 1 |aBourdages, Hugo |
| 776 | 0#|tRésultats des expériences de pêche comparative d'août 2004 et 2005 dans le nord du golfe du Saint-Laurent, entre le NGCC Alfred Needler et le NGCC Teleost / |w(CaOODSP)9.588190 |
| 792 | |tRésultats des expériences de pêche comparative d'août 2004 et 2005 dans le nord du golfe du Saint-Laurent, entre le NGCC Alfred Needler et le NGCC Teleost / |efre|w(CaOODSP)9.541363 |
| 830 | #0|aCanadian technical report of fisheries and aquatic sciences,|x0706-6457|v2750|w(CaOODSP)9.514690 |